| 000 | 00769nas a2200265 4500 | ||
|---|---|---|---|
| 001 | BR7307614 | ||
| 003 | BR-BrBNA | ||
| 005 | 20231205100259.0 | ||
| 007 | ta | ||
| 008 | 230509b bl.|||p| |||| 00| 00por d | ||
| 040 |
_aBR-BrBNA _bpor _cBiblioteca Nacional de Agricultura |
||
| 041 | _a(Pt) | ||
| 072 | _aF25; F22 | ||
| 100 | 1 | _aHorowitz, A. | |
| 100 | 1 | _aDantas, H. da S. | |
| 100 | 1 | _aLeite, J.P. | |
| 245 | 1 | _aZinco disponivel nos solos da zona do agreste de Pernambuco | |
| 650 | _aFertilidade do Solo | ||
| 650 | _aZinco | ||
| 650 | _aAnalise do Solo | ||
| 650 | _aPernambuco | ||
| 773 | 0 |
_tPesquisas Agropecuarias no Nordeste (Brazil) _x _g(Jul 1973), v. 5(2) p. 57-63 _wBR7307614 |
|
| 909 |
_a202311 _bLúcia _c55 _dLúcia Elande |
||
| 942 |
_2AGRIS _n0 _cANA |
||
| 999 |
_c155124 _d155124 |
||